000
00256nam a22000977a 4500
082
_a
625.85
_b
COM
_c
D
100
_a
bROS
_9
43877
245
_a
Compaction of Deep Lift Bituminous Stabilized Base
526
_a
0
_b
0
_c
0
_d
625_850000000000000_COM
942
_2
ddc
_c
BK
999
_c
547738
_d
547738